Líderes que más personas mataron - Estadísticas

Estadísticas generales
  • Esta prueba ha sido intentada 98 veces
  • La puntuación promedio es 3 de 15
Estadísticas de respuestas
Muertes Líder % Correcto
18.000.000 muertes Adolf Hitler
75%
78.000.000 muertes Mao Zedong
69%
23.000.000 muertes Joseph Stalin
39%
3.500.000 muertes Lenin
39%
2.000.000 muertes Pol Pot
39%
40.000.000 muertes Genghis Khan
18%
14.000.000 muertes Hirohito
16%
4.000.000 muertes Napoleón
14%
9.000.000 muertes Leopoldo II
13%
500.000 muertes Idi Amin
8%
3.000.000 muertes Churchill
6%
5.000.000 muertes Hideki Tojo
4%
630.000 muertes Saddam Hussein
4%
17.000.000 muertes Tamerlan
4%
1.000.000 muertes Georges Washington
0%
No se encontraron pruebas coincidentes
Distribución de puntuación
Porcentaje de gente con cada puntuación
Porcentaje por número respondido
Historial de tus puntuaciones
No has intentado esta prueba.